LDR 00631naa#a2200169#i#450# 001 EN\\bibl\126838 005 20260701153523.3 011 ## _a2782-4926 100 ## _a20260630b2026####ek#y0engy0150####ca 102 ## _aRU 200 1# _aON THE DIVISION OF ABSTRACT ART INTO TYPES _eJournal article 210 1# _aKrasnoyarsk _cKrasnoyarsk regional public organization Commonwealth of Enlighteners of Krasnoyarsk _d2026 215 ## _a3 с. 608 ## _aJournal article _2local 675 ## _aАбстрактное искусство. Беспредметное искусство. 7.038 _z 700 #1 _aPopova _gNatalya Sergeevna 856 4# _aasiaetother-journal.ru _u